Interviewing, (Record no. 5050)

MARC details
005 - DATE AND TIME OF LATEST TRANSACTION
control field 20250625124048.0
020 ## - INTERNATIONAL STANDARD BOOK NUMBER
International Standard Book Number 0-07-829878-4
082 ## - DEWEY DECIMAL CLASSIFICATION NUMBER
Classification number 658.311.24 GLE
100 ## - MAIN ENTRY--PERSONAL NAME
Author name Glencoe
245 ## - TITLE STATEMENT
Title Interviewing,
260 ## - PUBLICATION, DISTRIBUTION, ETC.
Place of publication, distribution, etc. New York,
Name of publisher, distributor, etc. McGraw-Hill Irwin,
Date of publication, distribution, etc. 2003.
300 ## - PHYSICAL DESCRIPTION
Extent xvii.; 206p.; picture,
Other physical details Index,
Dimensions 29cm.
942 ## - ADDED ENTRY ELEMENTS (KOHA)
Source of classification or shelving scheme Dewey Decimal Classification
Koha item type Books
Holdings
Date last seen Total checkouts Full call number Barcode Cost, replacement price Price effective from Koha item type Lost status Source of classification or shelving scheme Damaged status Not for loan Withdrawn status Home library Current library Shelving location Date acquired Cost, normal purchase price Source of acquisition
06/25/2025   658.311.24GLE DOM0002734 105000.00 06/25/2025 Books   Dewey Decimal Classification       CBE Dodoma CBE Dodoma General Collection 06/25/2005 35000.00  
06/25/2025   658.311'24 GLE DOM0002798   06/25/2025 Books   Dewey Decimal Classification       CBE Dodoma CBE Dodoma General Collection 06/01/2005   DONATION
06/25/2025   658.311'24 GLE DOM0002797   06/25/2025 Books   Dewey Decimal Classification       CBE Dodoma CBE Dodoma General Collection 06/01/2005   DONATION